| 000 | 00531nam a2200205 4500 | ||
|---|---|---|---|
| 003 | OSt | ||
| 005 | 20160225141739.0 | ||
| 008 | 160225b xxu||||| |||| 00| 0 eng d | ||
| 020 | _a0333738683 | ||
| 040 | _c040a | ||
| 082 |
_a301 _bSAR 1988 |
||
| 100 |
_aSarantakos, Sotirios _93943 |
||
| 245 |
_aSocial research / _cSotirios Sarantakos |
||
| 250 | _a2nd.ed | ||
| 260 |
_aHampshire _bPalgrave _c1988 |
||
| 300 |
_axviii, 488p; _bill : _c10 cm |
||
| 504 | _aincludes index | ||
| 650 |
_aSocial research _96833 |
||
| 942 |
_2ddc _cSLOAN |
||
| 999 |
_c3077 _d3077 |
||